| 000 | 00325nab a22001097u 4500 | ||
|---|---|---|---|
| 008 | 130520b1982 xxu||||| |||| 00| 0 spa d | ||
| 041 | _aspa | ||
| 100 | 1 |
_aFelder, C. _967223 |
|
| 245 | 0 | 0 |
_aAmbigüedades raciales en los relatos bíblicos _cC. Felder |
| 773 | 0 |
_tConcilium _gV.1,1982,págs.33-45 _x0210-1041 _wRev134 |
|
| 942 | _cAR | ||
| 999 |
_c354814 _d354814 |
||